Livros da Taylor Jenkins Reid (atualizado 2025) - Statistics

Estatísticas Gerais
  • Esse quiz foi jogado 102 vezes
    11 desde o último reset
  • A pontuação média é 5 de 10
Estatísticas das Respostas
Ano Livro % Correto
2019 Daisy Jones and The Six
100%
2017 Os Sete Maridos de Evelyn Hugo
100%
2022 Carrie Soto Está de Volta
73%
2025 Atmosfera
64%
2021 Malibu Renasce
64%
2016 Amor(es) Verdadeiro(s)
55%
2015 Em Outra Vida Talvez
27%
2013 Para Sempre Interrompido
27%
2014 Depois do Sim
18%
2018 Evidências de uma Traição
9%
Nenhum quiz correspondente encontrado
Distribuição das Pontuações
Porcentagem de Pessoas com Cada Pontuação
Percentil de Números Respondidos
Sua Pontuação Histórica
Você não jogou esse quiz desde o último reset